000
00214 a2200097 4500
001
45664
100
_a
Darwin C
245
_a
The origin of species
260
_a
Chicago
_b
William Benton
_c
090
_c
28841
_d
28841
942
_a
NUST-CAE
_c
M
_c
20937
999
_c
280737
_d
280737